000
00222nam a2200097Ia 4500
008
190216s9999||||xx |||||||||||||| ||und||
100
_a
Vasukuttan
245
0
_a
Bhoomi Shashthram
260
_b
Kerala Basha Inst
942
_c
BK
999
_c
37858
_d
37858